Unmarried working women, marriage and career : (Record no. 65125)

MARC details
000 -LEADER
fixed length control field 00653nam a22001577a 4500
005 - DATE AND TIME OF LATEST TRANSACTION
control field 20120417131438.0
020 ## - INTERNATIONAL STANDARD BOOK NUMBER
International Standard Book Number 8170271347
Terms of availability 00.00
035 ## - SYSTEM CONTROL NUMBER
System control number A-409691
037 ## - SOURCE OF ACQUISITION
Stock number DPL
Source of stock number/acquisition ENG
100 ## - MAIN ENTRY--PERSONAL NAME
Personal name Rathaur, Manjula
245 ## - TITLE STATEMENT
Title Unmarried working women, marriage and career :
Remainder of title A study of university and college teachers of Varanasi /
Statement of responsibility, etc by Manjula Rathaur
260 ## - PUBLICATION, DISTRIBUTION, ETC. (IMPRINT)
Place of publication, distribution, etc New Delhi
Name of publisher, distributor, etc Radiant Publishers
Date of publication, distribution, etc 1990
300 ## - PHYSICAL DESCRIPTION
Extent ix, 118p.
Dimensions 18 cms.
942 ## - ADDED ENTRY ELEMENTS (KOHA)
Source of classification or shelving scheme Dewey Decimal Classification
Item type English Books
Classification part 305.4
Call number suffix RAT
Holdings
Withdrawn status Lost status Not for loan Collection code Home library Current library Date acquired Cost, normal purchase price Full call number Barcode Cost, replacement price Koha item type
      Non-fiction Sarojini Nagar Sarojini Nagar 17/04/2012 0.00 305.4 RAT A-409691 0.00 English Books

© Delhi Public Library
Hit Counter
free hit counter